Land resources : now and for the future. (Record no. 22739)

MARC details
000 -LEADER
fixed length control field 00364nam a22001457a 4500
003 - CONTROL NUMBER IDENTIFIER
control field OSt
005 - DATE AND TIME OF LATEST TRANSACTION
control field 20211217104345.0
008 - FIXED-LENGTH DATA ELEMENTS--GENERAL INFORMATION
fixed length control field 211217b |||||||| |||| 00| 0 eng d
040 ## - CATALOGING SOURCE
Transcribing agency HU
082 ## - DEWEY DECIMAL CLASSIFICATION NUMBER
Classification number 333.7316 YOU 1998
100 ## - MAIN ENTRY--PERSONAL NAME
Personal name Young, Anthony,
9 (RLIN) 13954
245 ## - TITLE STATEMENT
Title Land resources : now and for the future.
300 ## - PHYSICAL DESCRIPTION
Extent 319p
Other physical details pc
Dimensions 25cm
942 ## - ADDED ENTRY ELEMENTS (KOHA)
Source of classification or shelving scheme Dewey Decimal Classification
Koha item type Books like text book referance book
Suppress in OPAC No
Holdings
Withdrawn status Lost status Source of classification or shelving scheme Damaged status Not for loan Collection code Home library Current library Shelving location Date acquired Total Checkouts Full call number Barcode Date last seen Copy number Price effective from Koha item type
    Dewey Decimal Classification     Reference Wondo Genet Library Wondo Genet Library General Stacks 12/17/2021   333.7316 YOU 1998 WGCFNRL00007571 12/17/2021 1 12/17/2021 Books like text book referance book